000 00401nam a22001097a 4500
008 110713t xxu||||| |||| 00| 0 eng d
010 _aHCDCF-132
245 _aHigh Court Divorce Cause No.8 of 1998 Joy Kigundu Vs Horace Awori.
260 _c1998
500 _aBefore: The Hon. Lady Justice C.A. Okello.
999 _c4713
_d4713